[Event "2016 South Wales International"]
[Site "Cardiff"]
[Date "2016.07.12"]
[Round "9"]
[Board "11"]
[White "Fathallah, Joe"]
[Black "Ivekovic, Tihana"]
[Result "1/2-1/2"]
[WhiteElo "1960"]
[BlackElo "2129"]
[PlyCount "0"]
[EventDate "2016.07.07"]
[EventRounds "10"]
[EventCountry "WLS"]

1. d4 {[%clk 1:30:55]} d5 {[%clk 1:30:56]} 2. c4 {[%clk 1:31:15]} c6
{[%clk 1:31:21]} 3. Nc3 {[%clk 1:31:37]} Nf6 {[%clk 1:31:47]} 4. Nf3
{[%clk 1:32:01]} e6 {[%clk 1:32:13]} 5. e3 {[%clk 1:32:24]} Nbd7 {[%clk 1:32:38]}
6. Qc2 {[%clk 1:32:42]} Bd6 {[%clk 1:33:02]} 7. Bd3 {[%clk 1:32:59]} dxc4
{[%clk 1:33:28]} 8. Bxc4 {[%clk 1:33:23]} b5 {[%clk 1:33:55]} 9. Bd3
{[%clk 1:33:45]} Bb7 {[%clk 1:34:19]} 10. O-O {[%clk 1:32:56]} O-O
{[%clk 1:33:40]} 11. e4 {[%clk 1:28:58]} e5 {[%clk 1:34:05]} 12. h3
{[%clk 1:24:42]} a6 {[%clk 1:31:18]} 13. Be3 {[%clk 1:19:54]} Re8
{[%clk 1:26:39]} 14. Rfd1 {[%clk 1:18:10]} Qb8 {[%clk 1:20:04]} 15. Rac1
{[%clk 1:15:23]} c5 {[%clk 0:57:40]} 16. dxe5 {[%clk 1:08:12]} Nxe5
{[%clk 0:58:02]} 17. Nxe5 {[%clk 1:07:51]} Bxe5 {[%clk 0:58:28]} 18. Bxc5
{[%clk 1:02:17]} Bxc3 {[%clk 0:56:16]} 19. Qxc3 {[%clk 1:00:06]} Nxe4
{[%clk 0:56:26]} 20. Bxe4 {[%clk 1:00:02]} Bxe4 {[%clk 0:56:48]} 21. Bd4
{[%clk 0:58:35]} 1/2-1/2

[Event "2016 South Wales International"]
[Site "Cardiff"]
[Date "2016.07.12"]
[Round "9"]
[Board "12"]
[White "Bullen, Alex"]
[Black "Sigurdsson, Birkir Karl"]
[Result "0-1"]
[WhiteElo "2045"]
[BlackElo "1883"]
[PlyCount "0"]
[EventDate "2016.07.07"]
[EventRounds "10"]
[EventCountry "WLS"]

1. d4 {[%clk 1:30:59]} Nf6 {[%clk 1:30:48]} 2. c4 {[%clk 1:31:23]} e6
{[%clk 1:31:12]} 3. Nf3 {[%clk 1:31:47]} Bb4+ {[%clk 1:31:32]} 4. Bd2
{[%clk 1:32:07]} Qe7 {[%clk 1:32:00]} 5. g3 {[%clk 1:31:25]} b6 {[%clk 1:31:06]}
6. Bg2 {[%clk 1:31:07]} Bb7 {[%clk 1:31:22]} 7. O-O {[%clk 1:31:16]} Bxd2
{[%clk 1:31:40]} 8. Nbxd2 {[%clk 1:30:18]} O-O {[%clk 1:30:51]} 9. Qc2
{[%clk 1:29:57]} d5 {[%clk 1:29:31]} 10. Rac1 {[%clk 1:29:15]} Rc8
{[%clk 1:27:20]} 11. Rfd1 {[%clk 1:22:38]} c5 {[%clk 1:23:41]} 12. dxc5
{[%clk 1:18:22]} bxc5 {[%clk 1:23:24]} 13. Nb3 {[%clk 1:17:50]} Nbd7
{[%clk 1:23:03]} 14. Na5 {[%clk 1:16:31]} Ba6 {[%clk 1:22:06]} 15. cxd5
{[%clk 1:07:17]} exd5 {[%clk 1:21:58]} 16. Nh4 {[%clk 1:07:34]} Nb6
{[%clk 1:19:58]} 17. Nf5 {[%clk 1:01:18]} Qe5 {[%clk 1:16:23]} 18. f4
{[%clk 0:51:55]} Qc7 {[%clk 1:14:56]} 19. Nc6 {[%clk 0:51:41]} Kh8
{[%clk 1:07:55]} 20. Nfe7 {[%clk 0:41:42]} Re8 {[%clk 1:06:49]} 21. Qxc5
{[%clk 0:40:08]} Bxe2 {[%clk 1:06:23]} 22. Re1 {[%clk 0:40:11]} Bh5
{[%clk 1:01:52]} 23. Nxd5 {[%clk 0:35:39]} Nbxd5 {[%clk 0:58:38]} 24. Bxd5
{[%clk 0:35:59]} Nxd5 {[%clk 0:58:11]} 25. Qxd5 {[%clk 0:36:17]} Qb6+
{[%clk 0:58:10]} 26. Kh1 {[%clk 0:33:39]} Rxe1+ {[%clk 0:57:18]} 27. Rxe1
{[%clk 0:33:47]} Qf2 {[%clk 0:57:47]} 28. Qxh5 {[%clk 0:27:49]} Qxe1+
{[%clk 0:58:09]} 29. Kg2 {[%clk 0:28:16]} Qd2+ {[%clk 0:58:23]} 0-1

[Event "2016 South Wales International"]
[Site "Cardiff"]
[Date "2016.07.12"]
[Round "9"]
[Board "13"]
[White "Waterfield, John W"]
[Black "James, Dai"]
[Result "1-0"]
[WhiteElo "1980"]
[BlackElo "1926"]
[PlyCount "0"]
[EventDate "2016.07.07"]
[EventRounds "10"]
[EventCountry "WLS"]

1. e4 {[%clk 1:30:52]} e6 2. d4 d5 {[%clk 1:24:38]} 3. Nd2 {[%clk 1:31:46]} dxe4
{[%clk 1:24:29]} 4. Nxe4 {[%clk 1:32:11]} Nd7 {[%clk 1:24:23]} 5. Bd3
{[%clk 1:32:30]} Ngf6 {[%clk 1:24:34]} 6. Qe2 {[%clk 1:31:08]} Nxe4
{[%clk 1:23:11]} 7. Bxe4 {[%clk 1:31:27]} Nf6 {[%clk 1:22:20]} 8. Bxb7
{[%clk 1:31:48]} Bxb7 {[%clk 1:15:16]} 9. Qb5+ {[%clk 1:32:13]} Qd7
{[%clk 1:15:25]} 10. Qxb7 {[%clk 1:32:32]} Rd8 {[%clk 1:15:04]} 11. Nf3
{[%clk 1:28:19]} Bd6 {[%clk 1:14:54]} 12. O-O {[%clk 1:27:15]} O-O
{[%clk 1:15:20]} 13. Ne5 {[%clk 1:18:21]} Qa4 {[%clk 1:05:21]} 14. Nc6
{[%clk 1:13:06]} Ra8 {[%clk 1:01:24]} 15. b3 {[%clk 1:12:48]} Rab8
{[%clk 1:00:28]} 16. Nxb8 {[%clk 1:09:24]} Qxd4 {[%clk 1:00:50]} 17. Be3
{[%clk 1:08:16]} Qh4 {[%clk 0:58:38]} 18. g3 {[%clk 1:06:33]} Qh3
{[%clk 0:58:14]} 19. Na6 {[%clk 1:04:38]} Nd5 {[%clk 0:57:50]} 20. c4
{[%clk 0:58:08]} f5 {[%clk 0:55:32]} 21. cxd5 {[%clk 0:57:22]} f4
{[%clk 0:55:17]} 22. Bxf4 {[%clk 0:57:27]} Rxf4 {[%clk 0:54:55]} 23. Qc8+
{[%clk 0:57:46]} 1-0

[Event "2016 South Wales International"]
[Site "Cardiff"]
[Date "2016.07.12"]
[Round "9"]
[Board "14"]
[White "Morcom, Huw"]
[Black "Wilson, Matthew R"]
[Result "1-0"]
[WhiteElo "1952"]
[BlackElo "1772"]
[PlyCount "0"]
[EventDate "2016.07.07"]
[EventRounds "10"]
[EventCountry "WLS"]

1. e4 {[%clk 1:30:58]} c5 {[%clk 1:30:58]} 2. Nf3 {[%clk 1:31:18]} e6
{[%clk 1:31:23]} 3. d3 {[%clk 1:31:28]} Nc6 {[%clk 1:31:49]} 4. Nbd2
{[%clk 1:31:51]} d6 {[%clk 1:32:07]} 5. Be2 {[%clk 1:32:14]} Nf6 {[%clk 1:31:41]}
6. O-O {[%clk 1:32:37]} Be7 {[%clk 1:32:09]} 7. h3 {[%clk 1:32:49]} O-O
{[%clk 1:32:34]} 8. Re1 {[%clk 1:33:13]} b5 {[%clk 1:30:30]} 9. c3
{[%clk 1:33:10]} Qb6 {[%clk 1:28:02]} 10. Qc2 {[%clk 1:33:15]} h6
{[%clk 1:25:45]} 11. Nf1 {[%clk 1:33:19]} Bd7 {[%clk 1:23:05]} 12. Ng3
{[%clk 1:33:43]} a5 {[%clk 1:22:19]} 13. Be3 {[%clk 1:33:54]} Rfc8
{[%clk 1:17:03]} 14. Qd2 {[%clk 1:34:04]} b4 {[%clk 1:12:08]} 15. d4
{[%clk 1:33:45]} bxc3 {[%clk 1:06:32]} 16. bxc3 {[%clk 1:34:08]} cxd4
{[%clk 1:06:45]} 17. cxd4 {[%clk 1:34:33]} d5 {[%clk 1:04:34]} 18. Bd3
{[%clk 1:33:59]} Bb4 {[%clk 1:04:17]} 19. Qe2 {[%clk 1:31:57]} Bxe1
{[%clk 1:03:42]} 20. Rxe1 Nb4 {[%clk 0:59:49]} 21. Bb1 {[%clk 1:32:21]} Qb5
{[%clk 0:50:30]} 22. Qd2 {[%clk 1:32:34]} Nxe4 {[%clk 0:42:38]} 23. Nxe4
{[%clk 1:32:52]} dxe4 {[%clk 0:43:06]} 24. Bxe4 {[%clk 1:33:12]} Bc6
{[%clk 0:42:11]} 25. Bxh6 {[%clk 1:33:34]} Bxe4 {[%clk 0:40:13]} 26. Rxe4
{[%clk 1:33:32]} Rc2 {[%clk 0:22:31]} 27. Qe3 {[%clk 1:33:56]} Qf5
{[%clk 0:19:13]} 28. Rg4 {[%clk 1:27:25]} g6 {[%clk 0:18:50]} 29. Nh4
{[%clk 1:25:33]} Qh5 {[%clk 0:14:13]} 30. Nxg6 {[%clk 1:23:54]} Kh7
{[%clk 0:12:11]} 31. Qe4 {[%clk 1:21:13]} Kxh6 {[%clk 0:09:40]} 32. Qxa8
{[%clk 1:04:43]} Qxg4 {[%clk 0:08:27]} 33. hxg4 {[%clk 1:04:48]} Kxg6
{[%clk 0:08:53]} 34. Qxa5 {[%clk 1:05:09]} Nxa2 {[%clk 0:08:48]} 35. d5
{[%clk 1:02:57]} exd5 {[%clk 0:08:02]} 36. Qxd5 {[%clk 1:03:20]} 1-0

[Event "2016 South Wales International"]
[Site "Cardiff"]
[Date "2016.07.12"]
[Round "9"]
[Board "15"]
[White "Gosling, Brian G E"]
[Black "Davis, Lee"]
[Result "1/2-1/2"]
[WhiteElo "1842"]
[BlackElo "1946"]
[PlyCount "0"]
[EventDate "2016.07.07"]
[EventRounds "10"]
[EventCountry "WLS"]

1. Nf3 {[%clk 1:30:55]} g6 {[%clk 1:30:52]} 2. e4 {[%clk 1:31:10]} d6
{[%clk 1:31:17]} 3. g3 {[%clk 1:30:52]} Bg7 {[%clk 1:31:39]} 4. Bg2
{[%clk 1:31:13]} c5 {[%clk 1:30:21]} 5. d3 {[%clk 1:31:29]} Nc6 {[%clk 1:30:46]}
6. c3 {[%clk 1:31:23]} Nf6 {[%clk 1:30:08]} 7. O-O {[%clk 1:29:16]} O-O
{[%clk 1:30:07]} 8. Nbd2 {[%clk 1:29:22]} Rb8 {[%clk 1:29:32]} 9. Re1
{[%clk 1:29:04]} b5 {[%clk 1:28:17]} 10. d4 {[%clk 1:26:04]} cxd4
{[%clk 1:20:26]} 11. cxd4 {[%clk 1:25:12]} Nd7 {[%clk 1:18:39]} 12. Nf1
{[%clk 1:17:22]} Bb7 {[%clk 1:10:45]} 13. h4 {[%clk 1:14:57]} Nb6
{[%clk 1:01:01]} 14. Bg5 {[%clk 1:03:29]} h6 {[%clk 0:57:21]} 15. Bc1
{[%clk 0:52:08]} Qc7 {[%clk 0:49:46]} 16. Be3 {[%clk 0:48:50]} Nc4
{[%clk 0:47:35]} 17. Rc1 {[%clk 0:48:07]} Qa5 {[%clk 0:42:32]} 18. Qb3
{[%clk 0:36:24]} Nxe3 {[%clk 0:41:08]} 19. Nxe3 {[%clk 0:30:14]} Nxd4
{[%clk 0:40:55]} 20. Nxd4 {[%clk 0:30:24]} Bxd4 {[%clk 0:41:17]} 21. Nd5
{[%clk 0:30:47]} Bxd5 {[%clk 0:40:59]} 22. exd5 {[%clk 0:30:22]} Qd2
{[%clk 0:39:22]} 23. Qf3 {[%clk 0:25:32]} Rbc8 {[%clk 0:38:47]} 24. Rcd1
{[%clk 0:24:59]} Qxb2 {[%clk 0:37:46]} 25. Re2 {[%clk 0:22:50]} Qc3
{[%clk 0:35:58]} 26. Rd3 {[%clk 0:22:20]} Qc1+ {[%clk 0:35:41]} 27. Kh2
{[%clk 0:22:15]} Bf6 {[%clk 0:35:51]} 28. Ree3 {[%clk 0:18:12]} b4
{[%clk 0:35:44]} 29. h5 {[%clk 0:18:18]} Kg7 {[%clk 0:34:22]} 30. hxg6
{[%clk 0:17:58]} fxg6 {[%clk 0:34:45]} 31. Qg4 {[%clk 0:17:56]} Bg5
{[%clk 0:33:02]} 32. f4 {[%clk 0:15:53]} Rc4 {[%clk 0:32:05]} 33. Re4
{[%clk 0:09:50]} Rc2 {[%clk 0:17:17]} 34. Rd1 {[%clk 0:06:00]} Qb2
{[%clk 0:16:48]} 35. Rg1 {[%clk 0:04:43]} Rf5 {[%clk 0:13:14]} 36. fxg5
{[%clk 0:04:35]} Kf8 37. Rxb4 {[%clk 0:03:47]} Qxa2 {[%clk 0:11:41]} 38. Rb8+
{[%clk 0:03:45]} Kf7 {[%clk 0:11:49]} 39. Qe4 {[%clk 0:03:17]} Re2
{[%clk 0:10:13]} 40. Qb1 {[%clk 0:02:18]} Rxg5 {[%clk 0:10:03]} 41. Rf1+
{[%clk 0:27:26]} Kg7 {[%clk 0:39:09]} 42. Rg8+ {[%clk 0:19:10]} Kh7
{[%clk 0:38:45]} 43. Rh8+ {[%clk 0:19:26]} Kg7 {[%clk 0:39:03]} 1/2-1/2

[Event "2016 South Wales International"]
[Site "Cardiff"]
[Date "2016.07.12"]
[Round "9"]
[Board "16"]
[White "Wagner, Guy"]
[Black "Jaunooby, Ali R"]
[Result "0-1"]
[WhiteElo "1817"]
[BlackElo "2158"]
[PlyCount "0"]
[EventDate "2016.07.07"]
[EventRounds "10"]
[EventCountry "WLS"]

1. f4 {[%clk 1:30:50]} d5 {[%clk 1:21:21]} 2. Nf3 {[%clk 1:31:06]} g6
{[%clk 1:18:42]} 3. g3 {[%clk 1:31:24]} Bg7 {[%clk 1:18:52]} 4. Bg2
{[%clk 1:31:41]} c5 {[%clk 1:19:00]} 5. O-O {[%clk 1:31:51]} Nc6 {[%clk 1:19:26]}
6. d3 {[%clk 1:31:15]} Nf6 {[%clk 1:19:30]} 7. c3 {[%clk 1:31:27]} O-O
{[%clk 1:18:33]} 8. Na3 {[%clk 1:31:40]} Rb8 {[%clk 1:18:09]} 9. Ne5
{[%clk 1:30:28]} Qc7 {[%clk 1:17:13]} 10. Qa4 {[%clk 1:26:18]} a6
{[%clk 1:15:57]} 11. e4 {[%clk 1:25:23]} b5 {[%clk 1:15:55]} 12. Qc2
{[%clk 1:23:42]} dxe4 {[%clk 1:15:06]} 13. dxe4 {[%clk 1:23:30]} Nxe5
{[%clk 1:15:02]} 14. fxe5 {[%clk 1:23:16]} Ng4 {[%clk 1:15:28]} 15. e6
{[%clk 1:15:40]} Bxe6 {[%clk 1:12:50]} 16. e5 {[%clk 1:13:14]} Nxe5
{[%clk 1:11:03]} 17. Bf4 {[%clk 1:13:23]} Qb6 {[%clk 1:11:06]} 18. Rae1
{[%clk 1:11:58]} c4+ {[%clk 1:11:17]} 19. Be3 {[%clk 1:06:37]} Qa5
{[%clk 1:10:51]} 20. Bf4 {[%clk 1:05:30]} Nd3 {[%clk 1:09:54]} 21. Rxe6
{[%clk 1:01:32]} fxe6 {[%clk 1:06:36]} 22. Bxb8 {[%clk 1:01:16]} Qb6+
{[%clk 1:07:00]} 23. Kh1 {[%clk 1:01:06]} Nf2+ {[%clk 1:05:53]} 24. Kg1
{[%clk 0:52:22]} Nh3+ {[%clk 1:02:46]} 25. Kh1 {[%clk 0:52:35]} Rxf1+
{[%clk 1:03:10]} 26. Bxf1 {[%clk 0:52:37]} Qg1# 0-1

[Event "2016 South Wales International"]
[Site "Cardiff"]
[Date "2016.07.12"]
[Round "9"]
[Board "17"]
[White "Parry, Matthew"]
[Black "Robertson, Jim"]
[Result "1-0"]
[WhiteElo "1909"]
[BlackElo "1649"]
[PlyCount "45"]
[EventDate "2016.07.07"]
[EventRounds "10"]
[EventCountry "WLS"]

1. d4 d5 2. Nf3 e6 3. Bf4 f5 4. e3 Nf6 5. c4 c6 6. Qc2 Be7 7. Bd3 Ne4 8. Nc3
Nd7 9. cxd5 exd5 10. O-O Ndf6 11. Ne5 O-O 12. f3 Nxc3 13. bxc3 Nh5 14. g4 Nxf4
15. exf4 Qe8 16. Rf2 Bh4 17. Re2 g5 18. gxf5 gxf4 19. Ng6 Bf2+ 20. Kxf2 Qd8 21.
Nxf8 Qh4+ 22. Kg1 Kxf8 23. Rg2 1-0

[Event "2016 South Wales International"]
[Site "Cardiff"]
[Date "2016.07.12"]
[Round "9"]
[Board "18"]
[White "Jones, Jeremy"]
[Black "Mccarthy, Damian"]
[Result "0-1"]
[WhiteElo "1595"]
[BlackElo "1878"]
[PlyCount "68"]
[EventDate "2016.07.07"]
[EventRounds "10"]
[EventCountry "WLS"]

1. d4 d5 2. c4 c6 3. Nc3 Nf6 4. Nf3 e6 5. Bg5 dxc4 6. e4 b5 7. e5 h6 8. Bxf6
gxf6 9. exf6 Bb7 10. Be2 Nd7 11. Ne5 Nxf6 12. Bf3 Qc7 13. O-O Bd6 14. b3 b4 15.
Ne4 Nxe4 16. Bxe4 c3 17. f4 O-O-O 18. Qf3 Bxe5 19. dxe5 c5 20. a3 Rd4 21. axb4
Bxe4 22. Qxc3 Rg8 23. Rf2 Rxb4 24. h3 Qb6 25. Qe3 Kb8 26. f5 exf5 27. g4 Rxb3
28. Qf4 Ka8 29. Kh2 Rb2 30. Ra2 Rxa2 31. Rxa2 Qb1 32. Ra6 Qh1+ 33. Kg3 Qe1+ 34.
Kh2 Qe2+ 0-1

[Event "2016 South Wales International"]
[Site "Cardiff"]
[Date "2016.07.12"]
[Round "9"]
[Board "19"]
[White "Cresswell, Mike J"]
[Black "Rovaretti, David"]
[Result "1-0"]
[WhiteElo "1770"]
[BlackElo "1635"]
[PlyCount "61"]
[EventDate "2016.07.07"]
[EventRounds "10"]
[EventCountry "WLS"]

1. e4 b6 2. d4 Bb7 3. Nc3 e6 4. Bd2 Bb4 5. f3 d5 6. e5 Qh4+ 7. g3 Qxd4 8. Nge2
Qxe5 9. Bg2 Qd6 10. a3 Bxc3 11. Bxc3 f6 12. O-O h5 13. Re1 Ne7 14. b4 e5 15. f4
Nd7 16. Qd3 O-O-O 17. a4 e4 18. Qd1 Nf5 19. Nd4 Nxd4 20. Qxd4 c5 21. Qd2 Nb8
22. bxc5 bxc5 23. Ba5 Rd7 24. Bh3 d4 25. Rab1 e3 26. Rxe3 Qd5 27. Rxb7 Qxb7 28.
Rb3 Qd5 29. Bxd7+ Nxd7 30. Qe2 h4 31. Qa6+ 1-0

[Event "2016 South Wales International"]
[Site "Cardiff"]
[Date "2016.07.12"]
[Round "9"]
[Board "20"]
[White "Orton, Paul"]
[Black "Thomas, Roy"]
[Result "0-1"]
[WhiteElo "1595"]
[BlackElo "1751"]
[PlyCount "124"]
[EventDate "2016.07.07"]
[EventRounds "10"]
[EventCountry "WLS"]

1. e4 c5 2. Nf3 Nc6 3. d3 d6 4. g3 Nf6 5. Bg2 e5 6. c3 Bg4 7. h3 Bd7 8. O-O Be7
9. Re1 h6 10. Nbd2 Qc8 11. Kh2 g5 12. Ng1 Be6 13. Nf1 Bd8 14. Ne3 Ne7 15. d4
Ng6 16. dxe5 dxe5 17. Nd5 b5 18. Be3 Qc6 19. Qd2 Be7 20. Rad1 O-O-O 21. Nxe7+
Nxe7 22. Qc2 a6 23. Ne2 Nd7 24. b3 Nb6 25. Rd2 Rxd2 26. Qxd2 Rd8 27. Qc2 Qd6
28. Nc1 f6 29. Bf1 h5 30. Be2 h4 31. g4 Ng6 32. Rd1 Qc7 33. Rxd8+ Kxd8 34. Qd2+
Ke7 35. f3 c4 36. b4 Nd7 37. Bf1 Nb6 38. Ne2 Na4 39. Qc2 Qd7 40. Nc1 Nf4 41.
Bxf4 exf4 42. Be2 Qa7 43. Bd1 Nxc3 44. Qxc3 Qf2+ 45. Kh1 Qf1+ 46. Kh2 Qxd1 47.
Kg2 Qd6 48. Ne2 Qd3 49. Kf2 Qxc3 50. Nxc3 Kd6 51. Ke2 Ke5 52. Kd2 Bf7 53. Ke2
Kd4 54. Kd2 Be6 55. Ne2+ Ke5 56. Ng1 c3+ 57. Kxc3 Bxa2 58. Ne2 Bc4 59. Ng1 Bf1
60. Kc2 Kd4 61. Kb3 Ke3 62. Kc3 Kf2 0-1

[Event "2016 South Wales International"]
[Site "Cardiff"]
[Date "2016.07.12"]
[Round "9"]
[Board "21"]
[White "Calist, Aron"]
[Black "Lutchman Singh, Karanvir"]
[Result "0-1"]
[WhiteElo "1500"]
[BlackElo "1716"]
[PlyCount "50"]
[EventDate "2016.07.07"]
[EventRounds "10"]
[EventCountry "WLS"]

1. b3 e5 2. Bb2 Nc6 3. e3 d5 4. Bb5 Bd6 5. f4 f6 6. Nf3 exf4 7. exf4 Bxf4 8.
Nd4 Nge7 9. Qe2 O-O 10. Qf3 Be5 11. Bxc6 Nxc6 12. Nxc6 bxc6 13. Nc3 Ba6 14.
O-O-O Qd6 15. Rde1 Rfe8 16. Qh5 Qd7 17. Re3 d4 18. Rh3 g6 19. Qh4 dxc3 20. Bxc3
Bxc3 21. dxc3 Re6 22. Rd1 Qe7 23. Kb2 f5 24. Qh6 Be2 25. Rd2 g5 0-1

[Event "2016 South Wales International"]
[Site "Cardiff"]
[Date "2016.07.12"]
[Round "9"]
[Board "22"]
[White "Harris, Calum"]
[Black "Chapman, Dafydd"]
[Result "1-0"]
[WhiteElo "1675"]
[BlackElo "1392"]
[PlyCount "47"]
[EventDate "2016.07.07"]
[EventRounds "10"]
[EventCountry "WLS"]

1. e4 c5 2. Nf3 d6 3. d4 cxd4 4. Nxd4 Nf6 5. Nc3 g6 6. Be3 Bg7 7. f3 O-O 8. Qd2
Nc6 9. O-O-O Bd7 10. g4 Rc8 11. Bh6 Ne5 12. Bxg7 Kxg7 13. h4 h5 14. gxh5 Nxh5
15. Rg1 Nc4 16. Bxc4 Rxc4 17. f4 Nxf4 18. Qxf4 e5 19. Nf5+ Bxf5 20. Qxf5 Qxh4
21. Rxd6 Qh6+ 22. Kb1 Qh2 23. Rdxg6+ fxg6 24. Qxg6+ 1-0

[Event "2016 South Wales International"]
[Site "Cardiff"]
[Date "2016.07.12"]
[Round "9"]
[Board "23"]
[White "Bonutto, Stephen"]
[Black "Hurn, Robert Aj"]
[Result "1/2-1/2"]
[WhiteElo "1391"]
[BlackElo "1623"]
[PlyCount "71"]
[EventDate "2016.07.07"]
[EventRounds "10"]
[EventCountry "WLS"]

1. e4 c5 2. Nf3 d6 3. d4 cxd4 4. Nxd4 Nf6 5. Nc3 g6 6. Be3 Bg7 7. f3 O-O 8. Qd2
Nc6 9. Bc4 Bd7 10. O-O-O Ne5 11. Bb3 Rc8 12. h4 h5 13. Bh6 Nc4 14. Bxc4 Rxc4
15. Bxg7 Kxg7 16. g4 Qa5 17. Nb3 Qc7 18. gxh5 Nxh5 19. Nd5 Qd8 20. Rdg1 Rh8 21.
Ne3 Ra4 22. Nf5+ Bxf5 23. exf5 Rf4 24. Qc3+ Kh7 25. fxg6+ fxg6 26. Nd4 Rf6 27.
Rg5 Qb6 28. Rhg1 Nf4 29. Re1 e5 30. Nb3 Qc6 31. Qe3 Rc8 32. Kb1 Qxc2+ 33. Ka1
Nd3 34. Rb1 b6 35. h5 Rf4 36. Rxg6 1/2-1/2

[Event "2016 South Wales International"]
[Site "Cardiff"]
[Date "2016.07.12"]
[Round "9"]
[Board "24"]
[White "Chung, Ethan Cheung Jing"]
[Black "O`rourke, Kevin"]
[Result "1-0"]
[WhiteElo "1322"]
[BlackElo "1367"]
[PlyCount "101"]
[EventDate "2016.07.07"]
[EventRounds "10"]
[EventCountry "WLS"]

1. e4 e5 2. Nf3 d6 3. Nc3 a6 4. d4 Bg4 5. dxe5 Bxf3 6. Qxf3 dxe5 7. Bc4 Nf6 8.
O-O Bd6 9. Nd5 Nbd7 10. Bg5 Be7 11. Rad1 O-O 12. Nxf6+ gxf6 13. Bh6 Kh8 14.
Bxf8 Bxf8 15. Bxf7 Qe7 16. Qf5 Rd8 17. Qe6 Kg7 18. Qxe7 Bxe7 19. Be6 Nf8 20.
Rxd8 Bxd8 21. Bc8 Kf7 22. Bxb7 a5 23. f4 Ke6 24. fxe5 Kxe5 25. Rf5+ Ke6 26.
Rxa5 c5 27. Ra8 Ke7 28. Rc8 Ng6 29. Rxc5 Bb6 30. b4 Kd6 31. a4 Bxc5+ 32. bxc5+
Kxc5 33. a5 Kb5 34. a6 Kb6 35. c4 Ne5 36. c5+ Ka7 37. c6 Nxc6 38. Bxc6 Kxa6 39.
Kf2 Kb6 40. Bd5 Kc5 41. Kf3 f5 42. Bg8 fxe4+ 43. Kxe4 h6 44. g4 Kd6 45. Kf5 Ke7
46. Kg6 Kf8 47. Bh7 Ke7 48. Kxh6 Kf6 49. g5+ Kf7 50. g6+ Kf6 51. g7 1-0

[Event "2016 South Wales International"]
[Site "Cardiff"]
[Date "2016.07.12"]
[Round "9"]
[Board "25"]
[White "Cox, John"]
[Black "Jaberansari, Daniel"]
[Result "1-0"]
[WhiteElo "1469"]
[BlackElo "1265"]
[PlyCount "131"]
[EventDate "2016.07.07"]
[EventRounds "10"]
[EventCountry "WLS"]

1. e4 e6 2. d4 d5 3. exd5 exd5 4. Nf3 Nf6 5. Be2 Be7 6. O-O O-O 7. b3 Nc6 8.
Nbd2 Bf5 9. Bb2 Re8 10. Bb5 Bd7 11. Re1 a6 12. Bxc6 Bxc6 13. Ne5 Bd7 14. Nxd7
Qxd7 15. Nf3 Bd6 16. Qd3 Re7 17. Rxe7 Qxe7 18. Re1 Qd7 19. c4 dxc4 20. bxc4 Re8
21. Rxe8+ Qxe8 22. Qe3 Qxe3 23. fxe3 Ng4 24. c5 Be7 25. Bc1 h6 26. h3 Nf6 27.
Kf1 Ne4 28. Nd2 Nxd2+ 29. Bxd2 Bg5 30. Ke2 Kf8 31. e4 Bxd2 32. Kxd2 Ke7 33. d5
Kd7 34. Kd3 c6 35. Kd4 cxd5 36. exd5 f6 37. a4 Kc7 38. a5 Kd7 39. g4 g6 40. Ke4
Ke7 41. Kf4 Kf7 42. Ke4 Ke7 43. Kd4 Kd7 44. Kc4 Kc7 45. Kd4 Kd7 46. Ke4 Ke7 47.
d6+ Ke6 48. Kd4 Kd7 49. Kd5 g5 50. Kd4 Ke6 51. Ke4 Kf7 52. Kd5 h5 53. c6 bxc6+
54. Kxc6 hxg4 55. hxg4 f5 56. Kc7 fxg4 57. d7 g3 58. d8=Q g2 59. Qxg5 g1=Q 60.
Qxg1 Ke8 61. Qe3+ Kf8 62. Kd7 Kg8 63. Qf4 Kh8 64. Qg5 Kh7 65. Ke8 Kh8 66. Kf7
 1-0

[Event "2016 South Wales International"]
[Site "Cardiff"]
[Date "2016.07.12"]
[Round "9"]
[Board "26"]
[White "Ray, Hiya"]
[Black "Lutchman Singh, Aishwarya"]
[Result "1/2-1/2"]
[WhiteElo "1442"]
[BlackElo "1443"]
[PlyCount "54"]
[EventDate "2016.07.07"]
[EventRounds "10"]
[EventCountry "WLS"]

1. d4 Nf6 2. c4 d6 3. Nc3 Nbd7 4. Nf3 e5 5. e3 Be7 6. Bd3 O-O 7. O-O Re8 8. Re1
a6 9. b3 b6 10. Bb2 a5 11. Qc2 h6 12. Rad1 Bb7 13. d5 Nc5 14. Bf5 Bc8 15. Bxc8
Qxc8 16. Ba3 Nfd7 17. Nb5 Rf8 18. Qf5 Bf6 19. Re2 Re8 20. Red2 Qd8 21. Bb2 Be7
22. Rc2 Nf6 23. Rcc1 Nfe4 24. Rc2 Rc8 25. Na7 Ra8 26. Nc6 Qc8 27. Qxc8 Raxc8
 1/2-1/2